Detalles MARC
| 000 -CABECERA |
| Longitud fija campo de control |
01403nam a2200337 i 4500 |
| 005 - • FECHA Y HORA DE LA ÚLTIMA TRANSACCIÓN |
| Fecha y hora de la última transacción |
20220317001904.0 |
| 007 - • CAMPO FIJO DE DESCRIPCIÓN FÍSICA |
| Campo fijo de descripción física |
ta |
| 008 - • CÓDIGOS DE INFORMACIÓN DE LONGITUD FIJA |
| Códigos de información de longitud fija |
210819s2015 ck er 000 0 spa d |
| 020 ## - • NÚMERO INTERNACIONAL NORMALIZADO PARA LIBROS |
| Número Internacional Normalizado para Libros (ISBN) |
9789585919129 |
| 040 ## - FUENTE DE LA CATALOGACIÓN |
| Centro catalogador de origen |
CO-BoRNBP |
| Lengua de catalogación |
spa |
| Normas de descripción |
rda |
| Centro transcriptor |
CO-BoRNBP |
| 041 1# - • CÓDIGO DE LENGUA |
| Código de lengua del texto/banda sonora o título independiente |
spa |
| Código de lengua original |
fra |
| 082 04 - • NÚMERO DE LA CLASIFICACIÓN DECIMAL DEWEY |
| Número de clasificación (R) |
179.9 |
| Número del ítem |
V64c |
| Número de edición |
22 |
| 100 1# - • PUNTO DE ACCESO PRINCIPAL-NOMBRE DE PERSONA |
| Nombre de persona |
Voltaire, Francois Marie |
| Fechas asociadas al nombre |
1694-1778 |
| Término indicativo de función |
Autor |
| 245 10 - • TITULO PROPIAMENTE DICHO |
| Título |
Contra el fanatismo religioso |
| Mención de responsabilidad, etc. |
Voltaire ; traducción de Juan Ramón Azaola |
| 250 ## - • MENCIÓN DE EDICIÓN |
| Mención de edición |
Primera edición, primera impresión |
| 264 #1 - PRODUCCIÓN, PUBLICACIÓN , DISTRIBUCIÓN, FABRICACIÓN Y COPYRIGHT |
| Lugar de producción, publicación, distribución, fabricación |
Bogotá |
| Nombre del productor, editor, distribuidor, fabricante |
Penguin Random House |
| -- |
Taurus |
| Fecha de de producción, publicación, distribución, fabricación o copyright |
2015 |
| 300 ## - • DESCRIPCIÓN FÍSICA |
| Extensión |
110 páginas |
| Dimensiones |
19 cm |
| 336 ## - TIPO DE CONTENIDO |
| Término de tipo de contenido |
texto |
| Código de tipo de contenido |
txt |
| Fuente |
rdacontent |
| 337 ## - TIPO DE MEDIO |
| Nombre del tipo de medio |
sin mediación |
| Código del tipo de medio |
n |
| Fuente |
rdamedia |
| 338 ## - TIPO DE SOPORTE |
| Nombre del tipo de soporte |
volumen |
| Código del tipo de soporte |
nc |
| Fuente |
rdacarrier |
| 490 ## - • MENCIÓN DE SERIE |
| Mención de serie |
Great Ideas |
| 500 ## - • NOTA GENERAL |
| Nota general |
En la carátula: El derecho a la intolerancia es, por lo tanto, absurdo y bárbaro: es el derecho de los tigres, y es mucho más horrible, pues los tigres sólo matan para comer, y nosotros nos hemos exterminado por unos párrafos |
| 521 ## - • NOTA DE PÚBLICO DESTINATARIO |
| Nota público destinatario (R ) |
Recomendado para un público adulto |
| 534 ## - • Nota De Versión Original |
| Título |
Traite sur la tolérance |
| 600 14 - • PUNTO DE ACCESO ADICIONAL DE MATERIA - NOMBRE DE PERSONA |
| Nombre de persona |
Voltaire, Francois Marie |
| Fechas asociadas al nombre |
1694 - 1778 |
| Subdivisión de forma (R ) |
Pensamiento filosófico |
| 650 17 - • PUNTO DE ACCESO ADICIONAL DE MATERIA - TÉRMINO DE MATERIA |
| Término de materia o nombre geográfico como elemento inicial |
Filosofía francesa |
| Subdivisión cronológica |
Siglo XVIII |
| Fuente del encabezamiento o término |
ARMARC |
| 650 17 - • PUNTO DE ACCESO ADICIONAL DE MATERIA - TÉRMINO DE MATERIA |
| Término de materia o nombre geográfico como elemento inicial |
Indiferentismo religioso |
| Fuente del encabezamiento o término |
ARMARC |
| 650 17 - • PUNTO DE ACCESO ADICIONAL DE MATERIA - TÉRMINO DE MATERIA |
| Término de materia o nombre geográfico como elemento inicial |
Tolerancia |
| Subdivisión de forma |
Aspectos religiosos |
| Fuente del encabezamiento o término |
ARMARC |
| 700 1# - • PUNTO DE ACCESO ADICIONAL - NOMBRE DE PERSONA |
| Nombre de persona |
Azaola, Juan Ramón |
| Término indicativo de función |
traductor |
| 942 ## - ENTRADA DE ELEMENTOS AGREGADOS (KOHA) |
| Fuente de clasificaión o esquema |
Dewey Decimal Classification |
| Koha [por defecto] tipo de item |
LIbro |